| 000 | 00486nam a2200193 a 4500 | ||
|---|---|---|---|
| 001 | 1009 | ||
| 003 | CDMR | ||
| 005 | 20131031130803.0 | ||
| 008 | 130130s1974||||||||||||||||||||||||||||d | ||
| 020 | _a8421400894 | ||
| 040 |
_aCDMR _bcat _cCDMR |
||
| 100 | 1 |
_aRibeaud, Paul _9796 |
|
| 245 | 1 | 3 |
_aEl paria _cPaul Ribeaud |
| 260 |
_aBarcelona _c1974 _bAura |
||
| 300 |
_a429 p ; _c19 cm |
||
| 650 | 0 | 4 |
_9797 _aReportatges literaris |
| 650 | 0 | 4 |
_92802 _aCorresponsals estrangers |
| 942 |
_cMON _2udc |
||
| 999 |
_c1009 _d1009 |
||